Fenntartható fejlődés a logisztikában CEP vállalatok ESG stratégiáinak összehasonlító elemzése
| Szerző: | |
|---|---|
| További közreműködők: | |
| Dokumentumtípus: | Diplomadolgozat |
| Kulcsszavak: | CEP e-kereskedelem ESG fenntartható fejlődés last mile SDG |
| Online Access: | http://dolgozattar.uni-bge.hu/59529 |
MARC
| LEADER | 00000nta a2200000 i 4500 | ||
|---|---|---|---|
| 001 | dolg59529 | ||
| 005 | 20260409145206.0 | ||
| 008 | 260409suuuu hu om 000 hun d | ||
| 040 | |a BGE Dolgozattár Repozitórium |b hun | ||
| 041 | |a hu | ||
| 100 | 1 | |a Marx Adél | |
| 245 | 1 | 0 | |a Fenntartható fejlődés a logisztikában |b CEP vállalatok ESG stratégiáinak összehasonlító elemzése |c Marx Adél |h [elektronikus dokumentum] |
| 520 | 3 | |a A növekvő társadalmi nyomás és az éghajlatváltozással kapcsolatos aggodalmak miatt a világ egyre inkább a fenntartható gyakorlatokra összpontosít. A logisztikai iparág is nagy nyomás alá került ilyen szempontból az elmúlt években. A folyamatosan szigorodó törvények, közzétételi előírások és a változó vevői elvárások miatt a csomagküldéssel és házhozszállítással foglalkozó társaságok egyre nagyobb hangsúlyt fektetnek a fenntartható megoldások bevezetésére és marketingjére.A kutatás során az utolsó kilométeres szállítás kulcsszereplőinek, a Courier (futár), Express (expressz) és Parcel (csomag), röviden CEP piacon tevékenykedő vállalkozásoknak jelenbeli fenntarthatósági törekvéseit vizsgálom. A kutatás fő kérdése, hogy melyek a szektor általános trendjei, legfontosabb fenntarthatóság irányába tett lépései. Az elemzés során az ESG, azaz környezeti (Environmental), társadalmi (Social) és irányítási (Governance) szabályozásikeretrendszer három fő pillére mentén vizsgálom és összehasonlítom az Express One, a GLS és a DHL anyavállalatainak, vagyis az Austrian Post Group, a GLS Group és a DHL Group fenntarthatósági célkitűzéseit, irányvonalait és az ennek érdekében tett lépéseit. A tartalomelemzést az Egyesült Nemzetek Szervezete (ENSZ) által közölt 17 Fenntartható Fejlődési Cél, eredeti nyelven Sustainable Development Goals (SDG) mentén készítem. | |
| 695 | |a CEP | ||
| 695 | |a e-kereskedelem | ||
| 695 | |a ESG | ||
| 695 | |a fenntartható fejlődés | ||
| 695 | |a last mile | ||
| 695 | |a SDG | ||
| 700 | 1 | |a Bányai Dr. Kornél |e ths | |
| 856 | 4 | 0 | |u http://dolgozattar.uni-bge.hu/59529/1/Marx%20Ade%CC%81l_szakdolgozat_2025.pdf |z Dokumentum-elérés |
| 856 | 4 | 0 | |u http://dolgozattar.uni-bge.hu/59529/2/Marx_Adel_BELSO.pdf |z Dokumentum-elérés |
| 856 | 4 | 0 | |u http://dolgozattar.uni-bge.hu/59529/3/MarxAdel_SK.pdf |z Dokumentum-elérés |